Low frequency tapping systems in reverse tapping of clone GT 1 of Hevea brasiliensis in Cote dIvoire (Record no. 62301)

MARC details
000 -LEADER
fixed length control field 00712nam a2200181Ia 4500
100 ## - MAIN ENTRY--AUTHOR NAME
Personal name Soumahin Eric Francis
245 #0 - TITLE STATEMENT
Title Low frequency tapping systems in reverse tapping of clone GT 1 of Hevea brasiliensis in Cote dIvoire
260 ## - PUBLICATION, DISTRIBUTION, ETC. (IMPRINT)
Name of publisher Climate Change, Low Carbon Economy and Sustainable Natural Rubber Industry: Preprints of Proceedings of IRRDB International Rubber Conference 2010, 18-19 October 2010 Sanya, Hainan, China, pp. 469-501.
650 ## - SUBJECT ADDED ENTRY--TOPICAL TERM
Topical Term Cote dIvoire
650 ## - SUBJECT ADDED ENTRY--TOPICAL TERM
Topical Term Low frequency tapping
650 ## - SUBJECT ADDED ENTRY--TOPICAL TERM
Topical Term Profit margin
650 ## - SUBJECT ADDED ENTRY--TOPICAL TERM
Topical Term Reverse tapping
650 ## - SUBJECT ADDED ENTRY--TOPICAL TERM
Topical Term Stimulation
650 ## - SUBJECT ADDED ENTRY--TOPICAL TERM
Topical Term Yield
700 ## - ADDED ENTRY--PERSONAL NAME
Personal name Obouayeba Samuel
942 ## - ADDED ENTRY ELEMENTS (KOHA)
Koha item type Journals
Holdings
Withdrawn status Lost status Damaged status Not for loan Home library Current library Shelving location Date acquired Koha item type
      Journals RRII Library RRII Library Physiology 14/08/2012 Journals